Les titres de film avec un chiffre ou un nombre (3) - Statistiques

Statistiques générales
  • Ce quiz a été pris 73 fois
  • Le résultat moyen est 19 sur 30
Statistiques - réponses
Année Genre
Réalisateur ou
acteur / actrice
Réponse % Correct
1986 Comédie Joe Mantegna {3} amigos
100%
1998 Comédie Patrice Leconte {1} chance sur {2}
98%
1987 Comédie Eric Rohmer {4} aventures de Reinette et Mirabelle
98%
1993 Drame Shirley MacLaine {4} New-yorkaises
98%
1995 Catastrophe Tom Hanks Apollo {13}
98%
1995 Science-fiction Bruce Willis L'armée des {12} singes
98%
1989 Drame Oliver Stone Né un {4} juillet
98%
1996 Comédie Glenn Close Les {101} dalmatiens
95%
1998 Comédie dramatique Matthew Delamere {8} femmes 1/2
94%
1999 Thriller Nicolas Cage {8} mm
94%
1997 Comédie Joe Pesci {8} têtes dans un sac
94%
1997 Comédie Mahmoud Zemmouri {100}% arabica
91%
1994 Comédie dramatique Hugh Grant {4} mariages et {1} enterrement
84%
1996 Comédie Leslie Nielsen Agent [0} {0}
81%
1992 Aventures Ridley Scott {1492} Christophe Colomb
77%
1985 Drame psychologique Béatrice Dalle {37}°{2} le matin
67%
1990 Thriller Bruce Willis {58} minutes pour vivre
64%
1989 Drame Lambert Wilson Hiver {54} l'abbé Pierre
61%
1990 Comédie Eddie Murphy {48} heures de plus
58%
1998 Aventures Harrison Ford {6} jours {7} nuits
56%
1992 Aventures Wesley Snipes Passager {57}
48%
1987 Comédie dramatique Jean-François Stevenin {36} fillette
44%
1997 Comédie dramatique Pascale Bussières Un {32} août sur terre
41%
1993 Comédie Andrew Fleming {2} garçons {1} fille {3} possibilités
33%
1994 Drame Michael Haneke {71} fragments d'une chronologie du hasard
27%
1998 Comédie dramatique James Corden {24} heures sur {24}
23%
1997 Drame psychologique Samuel Jackson {187} code meurtre
16%
1999 Comédie dramatique Jean Giraud {1999} Madeleine
3%
1992 Comédie dramatique Henri Verneuil {588} rue Paradis
3%
1991 Drame Jean-Luc Godard Allemagne année [90}
2%
Aucun quiz correspondant
Distribution des résultats
% des personnes avec chaque résultat
Percentile par nombre de réponses
Votre historique - résultats
Vous n’avez pas pris ce quiz